Research ethics in complex humanitarian emergencies (Record no. 57567)
[ view plain ]
| 000 -LEADER | |
|---|---|
| fixed length control field | 01660nam a2200301Ia 4500 |
| 100 1# - MAIN ENTRY--AUTHOR NAME | |
| Personal name | Reed, Holly. |
| 245 10 - TITLE STATEMENT | |
| Title | Research ethics in complex humanitarian emergencies |
| 260 ## - PUBLICATION, DISTRIBUTION, ETC. (IMPRINT) | |
| Place of publication | Washington, DC : |
| Name of publisher | National Academy Press, |
| Year of publication | 2002. |
| 300 ## - PHYSICAL DESCRIPTION | |
| Number of Pages | xi, 16 p. |
| 500 ## - GENERAL NOTE | |
| General note | This report to the Roundtable on the Demography of Forced Migration is a summary of a workshop, held on October 18, 2001, under the auspices of the Committee on Population. |
| 505 0# - FORMATTED CONTENTS NOTE | |
| Formatted contents note | Ethical approaches -- The example of Liberia -- Ethical norms -- Social and demographic categories -- Informed consent -- Risks and benefits -- Summary and final discussion -- Key suggestions by participants -- Appendix: Workshop agenda and participants. |
| 650 #0 - SUBJECT ADDED ENTRY--TOPICAL TERM | |
| Topical Term | Human experimentation in medicine |
| Topical Term | Bioethics. |
| Topical Term | Public health. |
| 856 40 - ELECTRONIC LOCATION AND ACCESS | |
| Uniform Resource Identifier | http://site.ebrary.com/lib/rucke/Doc?id=10038623 |
No items available.
